<?xml version="1.0" encoding="UTF-8"?>
<record
    xmlns:xsi="http://www.w3.org/2001/XMLSchema-instance"
    xsi:schemaLocation="http://www.loc.gov/MARC21/slim http://www.loc.gov/standards/marcxml/schema/MARC21slim.xsd"
    xmlns="http://www.loc.gov/MARC21/slim">

  <leader>03649nam0a2200421   4500</leader>
  <controlfield tag="001">RU\NLR\BIBL_A\012570064</controlfield>
  <controlfield tag="005">20241028122409.0</controlfield>
  <datafield tag="010" ind1=" " ind2=" ">
    <subfield code="a">978-5-91326-608-8</subfield>
    <subfield code="9">100</subfield>
  </datafield>
  <datafield tag="021" ind1=" " ind2=" ">
    <subfield code="a">RU</subfield>
    <subfield code="b">&#x41A;&#x41D;-&#x41F;-21-018269</subfield>
    <subfield code="9">&#x41A;&#x41D;-&#x41F;-21-1423</subfield>
  </datafield>
  <datafield tag="035" ind1=" " ind2=" ">
    <subfield code="a">(NLR Aleph) 012570064</subfield>
  </datafield>
  <datafield tag="090" ind1=" " ind2=" ">
    <subfield code="a">12488328</subfield>
    <subfield code="c">12488328</subfield>
  </datafield>
  <datafield tag="100" ind1=" " ind2=" ">
    <subfield code="a">20210726d2020    k  y0rusy50      ca</subfield>
  </datafield>
  <datafield tag="101" ind1="0" ind2=" ">
    <subfield code="a">rus</subfield>
    <subfield code="a">eng</subfield>
    <subfield code="d">eng</subfield>
    <subfield code="d">rus</subfield>
  </datafield>
  <datafield tag="102" ind1=" " ind2=" ">
    <subfield code="a">RU</subfield>
  </datafield>
  <datafield tag="105" ind1=" " ind2=" ">
    <subfield code="a">ab  z   000yy</subfield>
  </datafield>
  <datafield tag="181" ind1=" " ind2="0">
    <subfield code="a">i </subfield>
    <subfield code="b">axxe  </subfield>
  </datafield>
  <datafield tag="182" ind1=" " ind2="0">
    <subfield code="a">n</subfield>
  </datafield>
  <datafield tag="200" ind1="1" ind2=" ">
    <subfield code="a">&#x41F;&#x440;&#x43E;&#x441;&#x442;&#x440;&#x430;&#x43D;&#x441;&#x442;&#x432;&#x430; &#x438;&#x441;&#x442;&#x43E;&#x440;&#x438;&#x439; &#x438; &#x438;&#x441;&#x442;&#x43E;&#x440;&#x438;&#x438; &#x43F;&#x440;&#x43E;&#x441;&#x442;&#x440;&#x430;&#x43D;&#x441;&#x442;&#x432;: &#x43C;&#x435;&#x442;&#x430;&#x43C;&#x43E;&#x440;&#x444;&#x43E;&#x437;&#x44B; &#x432;&#x43E;&#x441;&#x43F;&#x440;&#x438;&#x44F;&#x442;&#x438;&#x44F;, &#x43F;&#x440;&#x438;&#x441;&#x432;&#x43E;&#x435;&#x43D;&#x438;&#x435;, &#x441;&#x43E;&#x437;&#x438;&#x434;&#x430;&#x43D;&#x438;&#x435;</subfield>
    <subfield code="d">Spaces of histories and histories of spaces: metamorphoses of perception, acquirement, creation</subfield>
    <subfield code="e">&#x43C;&#x430;&#x442;&#x435;&#x440;&#x438;&#x430;&#x43B;&#x44B; &#x43C;&#x435;&#x436;&#x434;&#x443;&#x43D;&#x430;&#x440;&#x43E;&#x434;&#x43D;&#x43E;&#x439; &#x43D;&#x430;&#x443;&#x447;&#x43D;&#x43E;&#x439; &#x43A;&#x43E;&#x43D;&#x444;&#x435;&#x440;&#x435;&#x43D;&#x446;&#x438;&#x438; (XVI &#x447;&#x442;&#x435;&#x43D;&#x438;&#x44F; &#x43F;&#x430;&#x43C;&#x44F;&#x442;&#x438; &#x43F;&#x440;&#x43E;&#x444;&#x435;&#x441;&#x441;&#x43E;&#x440;&#x430; &#x41D;&#x438;&#x43A;&#x43E;&#x43B;&#x430;&#x44F; &#x41F;&#x435;&#x442;&#x440;&#x43E;&#x432;&#x438;&#x447;&#x430; &#x421;&#x43E;&#x43A;&#x43E;&#x43B;&#x43E;&#x432;&#x430;), &#x41D;&#x438;&#x436;&#x43D;&#x438;&#x439; &#x41D;&#x43E;&#x432;&#x433;&#x43E;&#x440;&#x43E;&#x434;, 16-17 &#x43D;&#x43E;&#x44F;&#x431;&#x440;&#x44F; 2018 &#x433;.</subfield>
    <subfield code="f">&#x41C;&#x438;&#x43D;&#x438;&#x441;&#x442;&#x435;&#x440;&#x441;&#x442;&#x432;&#x43E; &#x43D;&#x430;&#x443;&#x43A;&#x438; &#x438; &#x432;&#x44B;&#x441;&#x448;&#x435;&#x433;&#x43E; &#x43E;&#x431;&#x440;&#x430;&#x437;&#x43E;&#x432;&#x430;&#x43D;&#x438;&#x44F; &#x420;&#x43E;&#x441;&#x441;&#x438;&#x439;&#x441;&#x43A;&#x43E;&#x439; &#x424;&#x435;&#x434;&#x435;&#x440;&#x430;&#x446;&#x438;&#x438;, &#x41D;&#x430;&#x446;&#x438;&#x43E;&#x43D;&#x430;&#x43B;&#x44C;&#x43D;&#x44B;&#x439; &#x438;&#x441;&#x441;&#x43B;&#x435;&#x434;&#x43E;&#x432;&#x430;&#x442;&#x435;&#x43B;&#x44C;&#x441;&#x43A;&#x438;&#x439; &#x41D;&#x438;&#x436;&#x435;&#x433;&#x43E;&#x440;&#x43E;&#x434;&#x441;&#x43A;&#x438;&#x439; &#x433;&#x43E;&#x441;&#x443;&#x434;&#x430;&#x440;&#x441;&#x442;&#x432;&#x435;&#x43D;&#x43D;&#x44B;&#x439; &#x443;&#x43D;&#x438;&#x432;&#x435;&#x440;&#x441;&#x438;&#x442;&#x435;&#x442; &#x438;&#x43C;. &#x41D;.&#x418;. &#x41B;&#x43E;&#x431;&#x430;&#x447;&#x435;&#x432;&#x441;&#x43A;&#x43E;&#x433;&#x43E;</subfield>
    <subfield code="g">&#x43F;&#x43E;&#x434; &#x440;&#x435;&#x434;. &#x410;.&#x41D;. &#x41C;&#x430;&#x441;&#x43B;&#x43E;&#x432;&#x430; &#x438; &#x410;.&#x412;. &#x41C;&#x430;&#x445;&#x43B;&#x430;&#x44E;&#x43A;&#x430;</subfield>
    <subfield code="z">eng</subfield>
  </datafield>
  <datafield tag="203" ind1=" " ind2=" ">
    <subfield code="a">&#x422;&#x435;&#x43A;&#x441;&#x442;</subfield>
    <subfield code="b">&#x432;&#x438;&#x437;&#x443;&#x430;&#x43B;&#x44C;&#x43D;&#x44B;&#x439;</subfield>
    <subfield code="c">&#x43D;&#x435;&#x43F;&#x43E;&#x441;&#x440;&#x435;&#x434;&#x441;&#x442;&#x432;&#x435;&#x43D;&#x43D;&#x44B;&#x439;</subfield>
  </datafield>
  <datafield tag="210" ind1=" " ind2=" ">
    <subfield code="a">&#x41D;&#x438;&#x436;&#x43D;&#x438;&#x439; &#x41D;&#x43E;&#x432;&#x433;&#x43E;&#x440;&#x43E;&#x434;</subfield>
    <subfield code="c">&#x418;&#x437;&#x434;-&#x432;&#x43E; &#x41D;&#x438;&#x436;&#x435;&#x433;&#x43E;&#x440;&#x43E;&#x434;&#x441;&#x43A;&#x43E;&#x433;&#x43E; &#x433;&#x43E;&#x441;&#x443;&#x43D;&#x438;&#x432;&#x435;&#x440;&#x441;&#x438;&#x442;&#x435;&#x442;&#x430;</subfield>
    <subfield code="d">2020</subfield>
  </datafield>
  <datafield tag="215" ind1=" " ind2=" ">
    <subfield code="a">241, [1] &#x441;.</subfield>
    <subfield code="c">&#x446;&#x432;. &#x438;&#x43B;., &#x43A;&#x430;&#x440;&#x442;.</subfield>
    <subfield code="d">21</subfield>
  </datafield>
  <datafield tag="300" ind1=" " ind2=" ">
    <subfield code="a">&#x41D;&#x430; &#x43A;&#x43E;&#x43D;&#x446;&#x435;&#x432;&#x43E;&#x439; &#x442;&#x438;&#x442;. &#x441;. &#x437;&#x430;&#x433;&#x43B;.: &#x41C;&#x430;&#x442;&#x435;&#x440;&#x438;&#x430;&#x43B;&#x44B; &#x43C;&#x435;&#x436;&#x434;&#x443;&#x43D;&#x430;&#x440;&#x43E;&#x434;&#x43D;&#x43E;&#x439; &#x43D;&#x430;&#x443;&#x447;&#x43D;&#x43E;&#x439; &#x43A;&#x43E;&#x43D;&#x444;&#x435;&#x440;&#x435;&#x43D;&#x446;&#x438;&#x438; "&#x41F;&#x440;&#x43E;&#x441;&#x442;&#x440;&#x430;&#x43D;&#x441;&#x442;&#x432;&#x430; &#x438;&#x441;&#x442;&#x43E;&#x440;&#x438;&#x439; &#x438; &#x438;&#x441;&#x442;&#x43E;&#x440;&#x438;&#x438; &#x43F;&#x440;&#x43E;&#x441;&#x442;&#x440;&#x430;&#x43D;&#x441;&#x442;&#x432;: &#x43C;&#x435;&#x442;&#x430;&#x43C;&#x43E;&#x440;&#x444;&#x43E;&#x437;&#x44B; &#x432;&#x43E;&#x441;&#x43F;&#x440;&#x438;&#x44F;&#x442;&#x438;&#x44F;, &#x43F;&#x440;&#x438;&#x441;&#x432;&#x43E;&#x435;&#x43D;&#x438;&#x435;, &#x441;&#x43E;&#x437;&#x438;&#x434;&#x430;&#x43D;&#x438;&#x435;" (XVI &#x447;&#x442;&#x435;&#x43D;&#x438;&#x44F; &#x43F;&#x430;&#x43C;&#x44F;&#x442;&#x438; &#x43F;&#x440;&#x43E;&#x444;&#x435;&#x441;&#x441;&#x43E;&#x440;&#x430; &#x41D;&#x438;&#x43A;&#x43E;&#x43B;&#x430;&#x44F; &#x41F;&#x435;&#x442;&#x440;&#x43E;&#x432;&#x438;&#x447;&#x430; &#x421;&#x43E;&#x43A;&#x43E;&#x43B;&#x43E;&#x432;&#x430;)</subfield>
  </datafield>
  <datafield tag="300" ind1=" " ind2=" ">
    <subfield code="a">&#x422;&#x435;&#x43A;&#x441;&#x442; &#x438; &#x440;&#x435;&#x437;. &#x434;&#x43E;&#x43A;&#x43B;. &#x43D;&#x430; &#x440;&#x443;&#x441;. &#x438; &#x430;&#x43D;&#x433;&#x43B;. &#x44F;&#x437;.</subfield>
  </datafield>
  <datafield tag="320" ind1=" " ind2=" ">
    <subfield code="a">&#x411;&#x438;&#x431;&#x43B;&#x438;&#x43E;&#x433;&#x440;. &#x432; &#x43A;&#x43E;&#x43D;&#x446;&#x435; &#x434;&#x43E;&#x43A;&#x43B;.</subfield>
  </datafield>
  <datafield tag="510" ind1="1" ind2=" ">
    <subfield code="a">Spaces of histories and histories of spaces: mrtamorphoses of erception, acquirement, creation</subfield>
    <subfield code="z">eng</subfield>
  </datafield>
  <datafield tag="517" ind1="1" ind2=" ">
    <subfield code="a">&#x41C;&#x430;&#x442;&#x435;&#x440;&#x438;&#x430;&#x43B;&#x44B; &#x43C;&#x435;&#x436;&#x434;&#x443;&#x43D;&#x430;&#x440;&#x43E;&#x434;&#x43D;&#x43E;&#x439; &#x43D;&#x430;&#x443;&#x447;&#x43D;&#x43E;&#x439; &#x43A;&#x43E;&#x43D;&#x444;&#x435;&#x440;&#x435;&#x43D;&#x446;&#x438;&#x438; "&#x41F;&#x440;&#x43E;&#x441;&#x442;&#x440;&#x430;&#x43D;&#x441;&#x442;&#x432;&#x430; &#x438;&#x441;&#x442;&#x43E;&#x440;&#x438;&#x439; &#x438; &#x438;&#x441;&#x442;&#x43E;&#x440;&#x438;&#x438; &#x43F;&#x440;&#x43E;&#x441;&#x442;&#x440;&#x430;&#x43D;&#x441;&#x442;&#x432;: &#x43C;&#x435;&#x442;&#x430;&#x43C;&#x43E;&#x440;&#x444;&#x43E;&#x437;&#x44B; &#x432;&#x43E;&#x441;&#x43F;&#x440;&#x438;&#x44F;&#x442;&#x438;&#x44F;, &#x43F;&#x440;&#x438;&#x441;&#x432;&#x43E;&#x435;&#x43D;&#x438;&#x435;, &#x441;&#x43E;&#x437;&#x438;&#x434;&#x430;&#x43D;&#x438;&#x435;" (XVI &#x447;&#x442;&#x435;&#x43D;&#x438;&#x44F; &#x43F;&#x430;&#x43C;&#x44F;&#x442;&#x438; &#x43F;&#x440;&#x43E;&#x444;&#x435;&#x441;&#x441;&#x43E;&#x440;&#x430; &#x41D;&#x438;&#x43A;&#x43E;&#x43B;&#x430;&#x44F; &#x41F;&#x435;&#x442;&#x440;&#x43E;&#x432;&#x438;&#x447;&#x430; &#x421;&#x43E;&#x43A;&#x43E;&#x43B;&#x43E;&#x432;&#x430;)</subfield>
  </datafield>
  <datafield tag="606" ind1="1" ind2=" ">
    <subfield code="a">&#x418;&#x441;&#x442;&#x43E;&#x440;&#x438;&#x447;&#x435;&#x441;&#x43A;&#x430;&#x44F; &#x43F;&#x430;&#x43C;&#x44F;&#x442;&#x44C;</subfield>
    <subfield code="y">&#x415;&#x432;&#x440;&#x43E;&#x43F;&#x435;&#x439;&#x441;&#x43A;&#x438;&#x435; &#x441;&#x442;&#x440;&#x430;&#x43D;&#x44B;</subfield>
    <subfield code="j">&#x421;&#x44A;&#x435;&#x437;&#x434;&#x44B;, &#x441;&#x43E;&#x432;&#x435;&#x449;&#x430;&#x43D;&#x438;&#x44F; &#x438; &#x442;.&#x43F;</subfield>
    <subfield code="2">nlr_sh2</subfield>
    <subfield code="3">RU\NLR\AUTH\6601662430</subfield>
  </datafield>
  <datafield tag="686" ind1="1" ind2=" ">
    <subfield code="a">&#x422;3(0)0-72&#x44F;431</subfield>
  </datafield>
  <datafield tag="686" ind1="1" ind2=" ">
    <subfield code="a">&#x422;3(0)&#x432;.&#x44F;431</subfield>
  </datafield>
  <datafield tag="702" ind1=" " ind2="1">
    <subfield code="a">&#x41C;&#x430;&#x441;&#x43B;&#x43E;&#x432;</subfield>
    <subfield code="b">&#x410;. &#x41D;.</subfield>
    <subfield code="c">&#x43A;&#x430;&#x43D;&#x434;. &#x438;&#x441;&#x442;. &#x43D;&#x430;&#x443;&#x43A;</subfield>
    <subfield code="f">1976-</subfield>
    <subfield code="g">&#x410;&#x440;&#x442;&#x435;&#x43C; &#x41D;&#x438;&#x43A;&#x43E;&#x43B;&#x430;&#x435;&#x432;&#x438;&#x447;</subfield>
    <subfield code="3">RU\NLR\AUTH\77122312</subfield>
    <subfield code="4">340</subfield>
  </datafield>
  <datafield tag="711" ind1="1" ind2="2">
    <subfield code="a">&#x427;&#x442;&#x435;&#x43D;&#x438;&#x44F; &#x43F;&#x430;&#x43C;&#x44F;&#x442;&#x438; &#x41D;. &#x41F;. &#x421;&#x43E;&#x43A;&#x43E;&#x43B;&#x43E;&#x432;&#x430;</subfield>
    <subfield code="d">16</subfield>
    <subfield code="f">2018</subfield>
    <subfield code="e">&#x41D;&#x438;&#x436;&#x43D;&#x438;&#x439; &#x41D;&#x43E;&#x432;&#x433;&#x43E;&#x440;&#x43E;&#x434;</subfield>
    <subfield code="3">RU\NLR\AUTH\880547984</subfield>
  </datafield>
  <datafield tag="712" ind1="0" ind2="2">
    <subfield code="a">&#x41D;&#x430;&#x446;&#x438;&#x43E;&#x43D;&#x430;&#x43B;&#x44C;&#x43D;&#x44B;&#x439; &#x438;&#x441;&#x441;&#x43B;&#x435;&#x434;&#x43E;&#x432;&#x430;&#x442;&#x435;&#x43B;&#x44C;&#x441;&#x43A;&#x438;&#x439; &#x41D;&#x438;&#x436;&#x435;&#x433;&#x43E;&#x440;&#x43E;&#x434;&#x441;&#x43A;&#x438;&#x439; &#x433;&#x43E;&#x441;&#x443;&#x434;&#x430;&#x440;&#x441;&#x442;&#x432;&#x435;&#x43D;&#x43D;&#x44B;&#x439; &#x443;&#x43D;&#x438;&#x432;&#x435;&#x440;&#x441;&#x438;&#x442;&#x435;&#x442; &#x438;&#x43C;. &#x41D;. &#x418;. &#x41B;&#x43E;&#x431;&#x430;&#x447;&#x435;&#x432;&#x441;&#x43A;&#x43E;&#x433;&#x43E;</subfield>
    <subfield code="3">RU\NLR\AUTH\880617520</subfield>
    <subfield code="4">475</subfield>
  </datafield>
  <datafield tag="942" ind1=" " ind2=" ">
    <subfield code="c">BOOK</subfield>
  </datafield>
  <datafield tag="980" ind1=" " ind2=" ">
    <subfield code="a">NBR</subfield>
  </datafield>
  <datafield tag="980" ind1=" " ind2=" ">
    <subfield code="a">NB</subfield>
  </datafield>
</record>
